[Event "Lynn Stringer mem"]
[Site "Sidney CAN"]
[Date "2023.08.19"]
[Round "1.6"]
[White "Leblanc, Paul"]
[Black "Gansvind, Valeria"]
[Result "0-1"]
[WhiteElo "1747"]
[BlackElo "2171"]
[PlyCount "114"]
[EventDate "2023.08.19"]
[EventType "swiss"]
[EventRounds "5"]
[EventCountry "CAN"]

1. d4 g6 2. Bf4 Bg7 3. Nc3 d6 4. Nf3 c6 5. Qd2 b5 6. a4 Qa5 7. e3 Nf6 8. Bd3 b4
9. Ne2 Nbd7 10. Bg3 O-O 11. O-O Rb8 12. Nc1 Re8 13. Nb3 Qd5 14. Qe2 Ne4 15. a5
Nxg3 16. hxg3 Qh5 17. a6 Nf6 18. Ra5 Qh6 19. e4 Be6 20. Nbd2 Ng4 21. d5 Bd7 22.
dxc6 Bxc6 23. b3 Bc3 24. Nc4 f5 25. Ne3 Nxe3 26. fxe3 e6 27. exf5 exf5 28. Bxf5
d5 29. Bd3 Rxe3 30. Qf2 Rf8 31. Rc5 Ba8 32. Rxc3 bxc3 33. Re1 Rfe8 34. Ra1 R3e7
35. Ra4 Qe3 36. Nd4 Qxf2+ 37. Kxf2 Rf8+ 38. Nf3 Bc6 39. Rd4 Kg7 40. b4 Rb8 41.
Ng5 h6 42. Nf3 Rb6 43. Nh2 Rf7+ 44. Nf3 Bb5 45. Rxd5 Bxa6 46. b5 Bb7 47. Rc5
Rbf6 48. Be2 g5 49. g4 Rf4 50. Rxc3 Rxg4 51. Rc5 Rb4 52. Kg3 Re7 53. Bd3 Be4
54. Bxe4 Rbxe4 55. c4 Re3 56. Kg4 R7e4+ 57. Kh5 Rxf3 0-1

[Event "Lynn Stringer mem"]
[Site "Sidney CAN"]
[Date "2023.08.19"]
[Round "1.7"]
[White "Mohammed Qanee, Arpak Worya"]
[Black "Lu, Aiden Hao-Ting"]
[Result "1-0"]
[WhiteElo "2149"]
[BlackElo "1745"]
[PlyCount "31"]
[EventDate "2023.08.19"]
[EventType "swiss"]
[EventRounds "5"]
[EventCountry "CAN"]

1. e4 e5 2. Nf3 Nc6 3. Bc4 Bc5 4. b4 Bxb4 5. c3 Ba5 6. O-O Nge7 7. Ng5 d5 8.
exd5 Nxd5 9. Nxf7 Kxf7 10. Qf3+ Ke6 11. d4 Rf8 12. Qe4 g6 13. Bh6 Re8 14. f4
Qd7 15. fxe5 Rd8 16. Bg5 1-0

[Event "Lynn Stringer mem"]
[Site "Sidney CAN"]
[Date "2023.08.19"]
[Round "1.8"]
[White "Zhang, Raymond Tangning"]
[Black "Wu, Nathan Ping-Ying"]
[Result "1-0"]
[WhiteElo "1730"]
[BlackElo "2105"]
[PlyCount "133"]
[EventDate "2023.08.19"]
[EventType "swiss"]
[EventRounds "5"]
[EventCountry "CAN"]

1. d4 d5 2. c4 dxc4 3. Nf3 a6 4. a4 Nf6 5. e3 e6 6. Bxc4 c5 7. O-O Nc6 8. Nc3
Be7 9. dxc5 Qc7 10. Qe2 Bxc5 11. e4 Ng4 12. g3 O-O 13. Bf4 e5 14. Nd5 Qd6 15.
Be3 Nxe3 16. Nxe3 Nd4 17. Nxd4 exd4 18. Nf5 Qf6 19. Bd3 Re8 20. Qc2 b6 21. Rab1
a5 22. Rbc1 Bb7 23. Rfe1 g6 24. Nh4 Rac8 25. Qb1 Qe7 26. Bb5 Bc6 27. Bxc6 Rxc6
28. Qd3 Rec8 29. Re2 Qd8 30. Rec2 R8c7 31. Nf3 Rd7 32. Ne5 Re6 33. Nxd7 Qxd7
34. b3 Rf6 35. Rxc5 bxc5 36. Rxc5 Qd8 37. Rd5 Qb8 38. Qxd4 Kg7 39. Qd3 Qb4 40.
Qe3 Qa3 41. Rxa5 Qa1+ 42. Kg2 Qb1 43. Rb5 Qb2 44. Rb6 Qe5 45. Rxf6 Qxf6 46. Qd3
Qc6 47. Qd5 Qa6 48. a5 h6 49. b4 g5 50. Qe5+ Kg8 51. Qb8+ Kg7 52. Qb6 Qa8 53.
Qd4+ Kh7 54. Qd5 Qa7 55. Qb5 Qa8 56. Qd5 Qa7 57. e5 Kg7 58. e6 fxe6 59. Qxe6
Qb7+ 60. Kg1 Qxb4 61. a6 Qa4 62. Qe7+ Kg6 63. Qb7 Kh5 64. a7 Qa1+ 65. Kg2 Qg7
66. Qxg7 g4 67. Qb7 1-0

[Event "Lynn Stringer mem"]
[Site "Sidney CAN"]
[Date "2023.08.19"]
[Round "1.9"]
[White "Liu, Zachary"]
[Black "Koo, Minjun"]
[Result "1-0"]
[WhiteElo "2066"]
[BlackElo "1717"]
[PlyCount "80"]
[EventDate "2023.08.19"]
[EventType "swiss"]
[EventRounds "5"]
[EventCountry "CAN"]

1. e4 c5 2. Nf3 d6 3. d4 cxd4 4. Nxd4 Nf6 5. Nc3 Nc6 6. Bg5 e6 7. Qd2 a6 8.
O-O-O Bd7 9. f4 Be7 10. Qe1 Nxd4 11. Rxd4 Qa5 12. Kb1 b5 13. e5 dxe5 14. fxe5
Nd5 15. Bd2 Nxc3+ 16. Bxc3 Qb6 17. Rg4 g6 18. Bd3 Bc6 19. Bd4 Qb7 20. Rf1 h5
21. Rgf4 Rh7 22. Rxf7 Rxf7 23. Bxg6 O-O-O 24. Bxf7 Rxd4 25. Qc3 Qb6 26. Bxe6+
Kb7 27. Bh3 Qd8 28. a3 Rd1+ 29. Rxd1 Qxd1+ 30. Ka2 Qd5+ 31. b3 Qc5 32. Qb2 Bd5
33. c4 Bg8 34. cxb5 axb5 35. e6 Bh7 36. g3 Bf6 37. Qxf6 Qc2+ 38. Qb2 Qc6 39.
Bg2 Be4 40. Bh3 Bd5 {Notational errors.} 1-0

[Event "Lynn Stringer mem"]
[Site "Sidney CAN"]
[Date "2023.08.19"]
[Round "1.10"]
[White "Yonkman, Trevor"]
[Black "Wu, Howard"]
[Result "0-1"]
[WhiteElo "1696"]
[BlackElo "2045"]
[PlyCount "64"]
[EventDate "2023.08.19"]
[EventType "swiss"]
[EventRounds "5"]
[EventCountry "CAN"]

1. e4 c5 2. Nf3 d6 3. d4 cxd4 4. Nxd4 Nf6 5. Nc3 Nc6 6. Bg5 e6 7. Qd2 a6 8.
O-O-O Bd7 9. f4 b5 10. Nxc6 Bxc6 11. e5 dxe5 12. Qxd8+ Rxd8 13. Rxd8+ Kxd8 14.
fxe5 h6 15. Bh4 g5 16. exf6 gxh4 17. Bd3 Rg8 18. Rd1 Kc7 19. g3 hxg3 20. hxg3
Rxg3 21. a4 bxa4 22. Bxa6 a3 23. Nb5+ Kb6 24. Kb1 Bd5 25. b3 Kxa6 26. Nc7+ Kb6
27. Nxd5+ exd5 28. Rxd5 Bb4 29. c4 Rxb3+ 30. Ka2 Rb2+ 31. Ka1 Bc3 32. c5+ Kc7
0-1

[Event "Lynn Stringer mem"]
[Site "Sidney CAN"]
[Date "2023.08.19"]
[Round "2.2"]
[White "Sali, Zulfikar"]
[Black "Wu, Jonathan"]
[Result "1-0"]
[WhiteElo "2290"]
[BlackElo "2026"]
[PlyCount "127"]
[EventDate "2023.08.19"]
[EventType "swiss"]
[EventRounds "5"]
[EventCountry "CAN"]

1. e4 c5 2. Nf3 d6 3. d4 cxd4 4. Nxd4 Nf6 5. Nc3 a6 6. Bc4 e6 7. O-O Be7 8. f4
b5 9. Bb3 O-O 10. f5 e5 11. Nde2 Bb7 12. Ng3 Nbd7 13. Bg5 b4 14. Bxf6 Nxf6 15.
Nd5 Rc8 16. Nxf6+ Bxf6 17. Qg4 d5 18. exd5 Bxd5 19. Kh1 Bxb3 20. cxb3 Rc2 21.
Ne4 Qb6 22. Rad1 Rd8 23. Rxd8+ Qxd8 24. Rd1 Qb6 25. h3 h6 26. Kh2 Rc6 27. Rd3
Rc1 28. Rd1 Rxd1 29. Qxd1 Qc6 30. Qd3 Be7 31. Qc4 Qb7 32. Qd3 Qc6 33. Qc4 Qb7
34. a3 bxa3 35. bxa3 Bxa3 36. f6 g6 37. h4 Qd7 38. Qxa6 Qg4 39. Qa8+ Kh7 40. g3
Qe2+ 41. Kg1 Qe1+ 42. Kg2 Qe2+ 43. Nf2 Bc5 44. Qf3 Qc2 45. b4 Bxf2 46. Qxf2
Qe4+ 47. Qf3 Qxb4 48. Qd5 Qf8 49. Qxe5 Qa8+ 50. Kh2 Qa2+ 51. Kg1 Qb1+ 52. Kf2
Qc2+ 53. Ke3 Qc1+ 54. Kd4 Qd2+ 55. Kc5 Qa5+ 56. Kd6 Qd8+ 57. Kc6 Qc8+ 58. Kd5
Qd8+ 59. Qd6 Qa5+ 60. Kc6 Qa6+ 61. Kd7 Qxd6+ 62. Kxd6 h5 63. Ke7 Kg8 64. Ke8
1-0

[Event "Lynn Stringer mem"]
[Site "Sidney CAN"]
[Date "2023.08.19"]
[Round "2.3"]
[White "Wu, Howard"]
[Black "Qu, Leo"]
[Result "0-1"]
[WhiteElo "2045"]
[BlackElo "2197"]
[PlyCount "82"]
[EventDate "2023.08.19"]
[EventType "swiss"]
[EventRounds "5"]
[EventCountry "CAN"]

1. e4 c6 2. d4 d5 3. exd5 cxd5 4. c4 Nf6 5. Nc3 Nc6 6. Nf3 Bg4 7. cxd5 Nxd5 8.
Qb3 Bxf3 9. gxf3 Nb6 10. d5 Nd4 11. Qd1 e5 12. dxe6 fxe6 13. Be3 Nc6 14. Qb3
Qf6 15. Bh3 Qxf3 16. Qxe6+ Be7 17. Rg1 Nd8 18. Qf5 Qxf5 19. Bxf5 O-O 20. Be4
Bf6 21. Rd1 Nc6 22. Bxb6 axb6 23. Rd7 Rfe8 24. f3 Ne5 25. Bd5+ Kh8 26. Rxb7
Nxf3+ 27. Kf2 Nxg1 28. Kxg1 Rad8 29. Bb3 Re7 30. Rxe7 Bxe7 31. Nd5 Bc5+ 32. Kg2
Rf8 33. Nc3 Rf2+ 34. Kg3 Rxb2 35. Ne4 g6 36. h4 Kg7 37. Ng5 h6 38. Ne4 Be7 39.
Nc3 Bd6+ 40. Kf3 Rh2 41. Ne4 Be5 0-1

[Event "Lynn Stringer mem"]
[Site "Sidney CAN"]
[Date "2023.08.19"]
[Round "2.4"]
[White "Yang, Jingyun (Ryan)"]
[Black "Lehingrat, Callum"]
[Result "1-0"]
[WhiteElo "2186"]
[BlackElo "2010"]
[PlyCount "93"]
[EventDate "2023.08.19"]
[EventType "swiss"]
[EventRounds "5"]
[EventCountry "CAN"]

1. e4 c5 2. Nf3 d6 3. d4 cxd4 4. Nxd4 Nf6 5. Nc3 a6 6. h3 e6 7. g4 Nfd7 8. Be3
b5 9. a3 Bb7 10. Qd2 Nb6 11. O-O-O N8d7 12. f4 Rc8 13. Qe1 Qc7 14. Rh2 Nc5 15.
Bg1 Be7 16. g5 Nba4 17. Nxa4 bxa4 18. Re2 Nb3+ 19. Kb1 Nxd4 20. Bxd4 O-O 21.
Rf2 e5 22. Bc3 exf4 23. h4 Rfe8 24. Bh3 Rb8 25. Qd2 Bxe4 26. Qxf4 Bf8 27. Ka1
Rb7 28. Re2 Qc6 29. h5 d5 30. h6 Bd6 31. Qd2 Be5 32. Bxe5 Rxe5 33. Qd4 Rbe7 34.
Bf5 g6 35. Bxe4 dxe4 36. Re3 Re8 37. Rc3 Qe6 38. Re3 Qc6 39. Rde1 f6 40. gxf6
Kf7 41. Rc3 Qxf6 42. Rc7+ R5e7 43. Qc4+ Qe6 44. Rf1+ Kg8 45. Qxe6+ Rxe6 46.
Rg7+ Kh8 47. Rff7 1-0

[Event "Lynn Stringer mem"]
[Site "Sidney CAN"]
[Date "2023.08.19"]
[Round "2.5"]
[White "Patterson, Roger"]
[Black "Zhu, Brandon"]
[Result "0-1"]
[WhiteElo "2016"]
[BlackElo "2181"]
[PlyCount "78"]
[EventDate "2023.08.19"]
[EventType "swiss"]
[EventRounds "5"]
[EventCountry "CAN"]

1. c4 g6 2. Nc3 Bg7 3. d4 Nf6 4. e4 d6 5. Nf3 O-O 6. Be2 Nbd7 7. O-O e5 8. Re1
Qe7 9. Bf1 c6 10. a3 a5 11. Rb1 h6 12. b4 axb4 13. axb4 Ng4 14. Bb2 exd4 15.
Ne2 c5 16. Nf4 Nge5 17. Nd5 Qd8 18. Nxe5 Nxe5 19. f4 Nc6 20. bxc5 dxc5 21. Be2
Re8 22. Bf3 Ra2 23. Qb3 Ra6 24. Ra1 Na5 25. Qd3 Be6 26. Reb1 Bxd5 27. cxd5 c4
28. Qd1 Nb3 29. Rxa6 bxa6 30. e5 d3 31. Bc3 Qb6+ 32. Kf1 Qe3 33. Rxb3 cxb3 34.
Bd2 Qb6 35. Qb1 Rb8 36. Qxd3 b2 37. Qb1 Qd4 38. Ke2 Rb3 39. d6 Qd3+ 0-1

[Event "Lynn Stringer mem"]
[Site "Sidney CAN"]
[Date "2023.08.19"]
[Round "2.6"]
[White "Gansvind, Valeria"]
[Black "Olden-Cooligan, Ben"]
[Result "1-0"]
[WhiteElo "2171"]
[BlackElo "1920"]
[PlyCount "73"]
[EventDate "2023.08.19"]
[EventType "swiss"]
[EventRounds "5"]
[EventCountry "CAN"]

1. d4 d5 2. Bg5 h6 3. Bh4 c6 4. e3 Qb6 5. Qc1 e5 6. Nf3 e4 7. Nfd2 Ne7 8. c4
Nf5 9. Bg3 Nd7 10. cxd5 Nxg3 11. hxg3 cxd5 12. Nc3 Nf6 13. Bb5+ Bd7 14. Bxd7+
Kxd7 15. Qc2 Rc8 16. Qa4+ Qc6 17. Qxc6+ Rxc6 18. a3 Be7 19. Ke2 Rhc8 20. Rhc1
Ke6 21. f3 exf3+ 22. gxf3 Bd8 23. Na2 h5 24. Rxc6+ Rxc6 25. Kd3 g6 26. Rc1 Rxc1
27. Nxc1 Bc7 28. Ne2 Kf5 29. e4+ Ke6 30. e5 Ne8 31. Nf4+ Kd7 32. Nxd5 Ng7 33.
Ne4 Ne6 34. Ndf6+ Kd8 35. d5 Ng7 36. d6 Bb6 37. Ng5 1-0

[Event "Lynn Stringer mem"]
[Site "Sidney CAN"]
[Date "2023.08.19"]
[Round "2.7"]
[White "Murphy, Owen"]
[Black "Mohammed Qanee, Arpak Worya"]
[Result "0-1"]
[WhiteElo "1433"]
[BlackElo "2149"]
[PlyCount "84"]
[EventDate "2023.08.19"]
[EventType "swiss"]
[EventRounds "5"]
[EventCountry "CAN"]

1. e4 c5 2. Nf3 Nc6 3. d4 cxd4 4. Nxd4 e5 5. Nf3 Bc5 6. Bc4 d6 7. O-O Nf6 8.
Qd3 Be6 9. Nc3 O-O 10. a3 Bxc4 11. Qxc4 Nd4 12. Qd3 h6 13. Nxd4 Bxd4 14. Ne2
Bb6 15. Ng3 d5 16. Qf3 dxe4 17. Nxe4 Nxe4 18. Qxe4 Qc7 19. Bd2 f5 20. Qd5+ Kh7
21. Bc3 Rae8 22. Rac1 e4 23. Bd4 Rd8 24. Bxb6 Qxb6 25. Qe5 Qd4 26. Qxd4 Rxd4
27. Rfd1 Rfd8 28. Rxd4 Rxd4 29. Kf1 Rd2 30. b4 Kg6 31. c4 Kf6 32. Rc3 Ke5 33.
Ke1 Rd3 34. Rxd3 exd3 35. Kd2 Kd4 36. c5 Kc4 37. h4 h5 38. f3 a6 39. g3 g6 40.
f4 Kd4 41. Kd1 Kc3 42. Kc1 Kb3 0-1

[Event "Lynn Stringer mem"]
[Site "Sidney CAN"]
[Date "2023.08.19"]
[Round "2.8"]
[White "Sardari, Reza"]
[Black "Zhang, Raymond Tangning"]
[Result "1-0"]
[WhiteElo "1994"]
[BlackElo "1730"]
[PlyCount "121"]
[EventDate "2023.08.19"]
[EventType "swiss"]
[EventRounds "5"]
[EventCountry "CAN"]

1. e4 e6 2. f4 d5 3. exd5 exd5 4. Nf3 Nf6 5. d4 Bg4 6. Be2 Bxf3 7. Bxf3 Bd6 8.
O-O O-O 9. g3 Re8 10. Qd3 Qe7 11. Nc3 c6 12. Nd1 Ne4 13. Ne3 Nd7 14. Kg2 Ndf6
15. Nf5 Qc7 16. Nxd6 Nxd6 17. b3 Re7 18. f5 Nfe4 19. Bf4 Qd7 20. g4 f6 21. Rae1
Rae8 22. c4 Nf7 23. Re2 Nfg5 24. Rfe1 Nxf3 25. Qxf3 Kh8 26. h4 Kg8 27. Qd3 Kh8
28. a4 Kg8 29. c5 h5 30. Bd6 Nxd6 31. cxd6 Qxd6 32. gxh5 Rxe2+ 33. Rxe2 Rxe2+
34. Qxe2 Qd7 35. Qf3 b6 36. Qf4 c5 37. h6 gxh6 38. dxc5 Qg7+ 39. Kf3 bxc5 40.
Qd6 c4 41. Qxd5+ Kh7 42. Qxc4 Qd7 43. Ke4 Qb7+ 44. Kd4 Qg7 45. Kc3 Qg3+ 46. Kb4
Qd6+ 47. Qc5 Qb8+ 48. Ka3 Qb7 49. Qf8 Qd7 50. Qxf6 Qd1 51. Qg6+ Kh8 52. Qxh6+
Kg8 53. Qe6+ Kh8 54. Qe5+ Kg8 55. Qb8+ Kf7 56. Qxa7+ Kf6 57. Qc5 Qa1+ 58. Kb4
Qh1 59. Kb5 Qxh4 60. a5 Qe1 61. b4 1-0

[Event "Lynn Stringer mem"]
[Site "Sidney CAN"]
[Date "2023.08.19"]
[Round "2.9"]
[White "McLaren, Brian"]
[Black "Yu, Ryan Bole"]
[Result "0-1"]
[WhiteElo "2004"]
[BlackElo "1582"]
[PlyCount "64"]
[EventDate "2023.08.19"]
[EventType "swiss"]
[EventRounds "5"]
[EventCountry "CAN"]

{[%evp 0,44,31,43,12,12,12,12,12,9,4,4,24,11,14,24,24,-7,18,5,17,-27,28,-25,
-33,-100,-99,-74,93,-65,-49,-106,-74,-71,-79,-136,-119,-119,-62,-125,-84,-111,
-111,-123,-110,-381,-412]} 1. e4 e5 2. Bc4 Nc6 3. Nf3 Bc5 4. O-O Nf6 5. d3 h6
6. c3 O-O 7. a4 a5 8. Qe2 Re8 9. Na3 d6 10. h3 Ne7 11. Kh2 Ng6 12. g3 c6 13.
Be3 Bb6 14. Bb3 d5 15. Bc2 Be6 16. Bxb6 Qxb6 17. Rab1 Rad8 18. b4 Qa6 19. b5
Qa7 20. Rb2 Qc5 21. Nb1 dxe4 22. Nfd2 exd3 23. Bxd3 Bd5 24. Nb3 Bxb3 25. Rxb3
e4 26. Bc2 Ne5 27. Kg2 Nc4 28. bxc6 bxc6 29. Rb7 e3 30. Kh2 Nd2 31. fxe3 Nxf1+
32. Qxf1 Qxe3 0-1

[Event "Lynn Stringer mem"]
[Site "Sidney CAN"]
[Date "2023.08.19"]
[Round "2.10"]
[White "Wu, Nathan Ping-Ying"]
[Black "Leblanc, Paul"]
[Result "1-0"]
[WhiteElo "2105"]
[BlackElo "1747"]
[PlyCount "59"]
[EventDate "2023.08.19"]
[EventType "swiss"]
[EventRounds "5"]
[EventCountry "CAN"]

1. d4 d5 2. Nc3 Nf6 3. Bf4 c6 4. e3 Bf5 5. f3 e6 6. g4 Bg6 7. h4 h5 8. g5 Nfd7
9. Bg3 a6 10. Nh3 c5 11. Qd2 Nc6 12. Nf4 cxd4 13. exd4 Bf5 14. a3 b5 15. Qe3
Nb6 16. g6 b4 17. gxf7+ Kxf7 18. Bd3 Qf6 19. Bxf5 Qxf5 20. Nce2 Bd6 21. Nh3 Nc4
22. Ng5+ Kf6 23. Qc1 Nxd4 24. Bxd6 Nxc2+ 25. Kf2 Nxd6 26. Ng3 Qg6 27. Qf4+ Nf5
28. Rae1 Nxe1 29. Rxe1 Qe8 30. Qe5+ 1-0

[Event "Lynn Stringer mem"]
[Site "Sidney CAN"]
[Date "2023.08.19"]
[Round "2.11"]
[White "Barbosa Landre, Geraldo"]
[Black "Lu, Aiden Hao-Ting"]
[Result "1-0"]
[WhiteElo "1872"]
[BlackElo "1745"]
[PlyCount "81"]
[EventDate "2023.08.19"]
[EventType "swiss"]
[EventRounds "5"]
[EventCountry "CAN"]

{[%evp 0,81,25,26,13,-23,26,16,16,28,27,40,6,12,30,28,39,53,59,83,79,67,69,81,
112,82,68,85,129,164,164,167,171,193,197,208,209,236,322,323,488,308,497,545,
612,623,623,647,855,855,922,1020,1028,879,862,1086,1702,909,1072,1280,1256,894,
894,919,1147,898,889,962,1075,1041,1058,1058,1216,1376,1392,1392,1475,1848,
29985,2558,29993,29978,29979,29980]} 1. d4 d5 2. c4 c6 3. cxd5 cxd5 4. Nf3 Nf6
5. Nc3 Nc6 6. Bf4 a6 7. e3 Qb6 8. a3 e6 9. Bd3 Bd7 10. h3 Rc8 11. O-O Ne7 12.
Ne5 Ng6 13. Na4 Qa5 14. Nxd7 Nxd7 15. b4 Qd8 16. Bg3 b5 17. Nc5 Nxc5 18. dxc5
Qf6 19. a4 Qc3 20. Rb1 a5 21. Bxb5+ Kd8 22. e4 axb4 23. exd5 e5 24. Qg4 Rc7 25.
d6 Ra7 26. Rfc1 Qd2 27. Rd1 Qc3 28. c6 Bxd6 29. Rxd6+ Ke7 30. Rd7+ Rxd7 31.
Qxd7+ Kf6 32. Qd6+ Kg5 33. Rxb4 f6 34. Rg4+ Kh6 35. Qd7 Rg8 36. c7 Qa5 37. c8=Q
Rxc8 38. Qxc8 Qb6 39. Qc1+ Kh5 40. Be2 Nf4 41. Rxf4+ 1-0

[Event "Lynn Stringer mem"]
[Site "Sidney CAN"]
[Date "2023.08.20"]
[Round "3.1"]
[White "Zhu, Brandon"]
[Black "Sali, Zulfikar"]
[Result "1/2-1/2"]
[WhiteElo "2181"]
[BlackElo "2290"]
[PlyCount "150"]
[EventDate "2023.08.19"]
[EventType "swiss"]
[EventRounds "5"]
[EventCountry "CAN"]

1. d4 Nf6 2. c4 g6 3. Nc3 Bg7 4. e4 O-O 5. h3 d6 6. Bd3 Nc6 7. Nge2 a6 8. Be3
e5 9. d5 Ne7 10. g4 c6 11. Ng3 cxd5 12. cxd5 b5 13. a3 Bb7 14. h4 Rc8 15. h5
Rxc3 16. bxc3 Qc8 17. Be2 Qxc3+ 18. Kf1 Nfxd5 19. exd5 Nxd5 20. Bd2 Qd4 21. Rg1
e4 22. Rb1 e3 23. Bxe3 Nxe3+ 24. fxe3 Qxe3 25. Rb3 Qf4+ 26. Bf3 Rc8 27. Kg2
Bxf3+ 28. Qxf3 Qd2+ 29. Kh3 Be5 30. Rg2 Qg5 31. Rf2 Qe7 32. Qd5 Kg7 33. Rbf3 f6
34. Kg2 Rc5 35. Qa8 Qe6 36. Qb7+ Kh6 37. Qe4 Rc4 38. Qe3+ Kg7 39. h6+ Kf7 40.
g5 f5 41. Nxf5 gxf5 42. Rxf5+ Ke8 43. Qf3 Kd8 44. Qa8+ Kc7 45. Qa7+ Kc6 46.
Qxa6+ Kc5 47. Qa7+ Kc6 48. Qa8+ Kb6 49. Qb8+ Ka6 50. Qa8+ Kb6 51. Qf3 Rc3 52.
Qe2 Qd5+ 53. R2f3 Rxa3 54. Kh3 Ra2 55. Qe3+ Ka5 56. Qa7+ Kb4 57. R5f4+ Bxf4 58.
Rxf4+ Kc3 59. Qe3+ Qd3 60. Qxd3+ Kxd3 61. Rf7 b4 62. Rxh7 Ra5 63. Rb7 Rxg5 64.
Rxb4 Rg8 65. h7 Rh8 66. Rb3+ Kc4 67. Rb7 d5 68. Kh4 d4 69. Kh5 d3 70. Rd7 Kc3
71. Kh6 d2 72. Kg7 Rc8 73. h8=Q Rxh8 74. Kxh8 Kc2 75. Rxd2+ Kxd2 1/2-1/2

[Event "Lynn Stringer mem"]
[Site "Sidney CAN"]
[Date "2023.08.19"]
[Round "3.2"]
[White "Qu, Leo"]
[Black "Gansvind, Valeria"]
[Result "1/2-1/2"]
[WhiteElo "2197"]
[BlackElo "2171"]
[PlyCount "88"]
[EventDate "2023.08.19"]
[EventType "swiss"]
[EventRounds "5"]
[EventCountry "CAN"]

1. d4 g6 2. Nc3 Bg7 3. Bf4 d6 4. e4 c6 5. Qd2 b5 6. a3 a6 7. Nf3 Nd7 8. O-O-O
Nf8 9. h4 Bg4 10. Be2 h6 11. Kb1 Qb6 12. Rhe1 Rd8 13. e5 d5 14. Be3 e6 15. Ng1
Bxe2 16. Ngxe2 Ne7 17. h5 Nf5 18. g4 Nh4 19. Rh1 Nf3 20. Qc1 g5 21. Na2 c5 22.
Rh3 cxd4 23. Nxd4 Nxd4 24. Bxd4 Qb7 25. f4 gxf4 26. Qxf4 Nh7 27. Bc5 Ng5 28.
Rhd3 Rc8 29. Bb4 Rc4 30. Rd4 Rxd4 31. Rxd4 a5 32. Bd6 Ne4 33. Rxe4 dxe4 34. Nc3
e3 35. Qxe3 Bf8 36. Ne4 Be7 37. Qf3 Kf8 38. b3 Kg7 39. Qf4 Rc8 40. g5 Bxg5 41.
Nxg5 hxg5 42. Qxg5+ Kh7 43. Kb2 Qe4 44. Qd2 a4 1/2-1/2

[Event "Lynn Stringer mem"]
[Site "Sidney CAN"]
[Date "2023.08.19"]
[Round "3.3"]
[White "Mohammed Qanee, Arpak Worya"]
[Black "Yang, Jingyun (Ryan)"]
[Result "0-1"]
[WhiteElo "2149"]
[BlackElo "2186"]
[PlyCount "96"]
[EventDate "2023.08.19"]
[EventType "swiss"]
[EventRounds "5"]
[EventCountry "CAN"]

1. e4 c5 2. Nf3 e6 3. Nc3 Nc6 4. d4 cxd4 5. Nxd4 Qc7 6. Nxc6 bxc6 7. Bd3 Nf6 8.
O-O Be7 9. b3 O-O 10. Bb2 d5 11. Qe2 d4 12. Nd1 e5 13. Bc1 c5 14. Bg5 Be6 15.
Nb2 h6 16. Bxf6 Bxf6 17. Bc4 Bd7 18. Bd5 Rab8 19. a4 Kh7 20. Nd3 Bc8 21. Bc4 g6
22. g3 Bg7 23. f4 exf4 24. Rxf4 Be6 25. Bxe6 fxe6 26. Rxf8 Rxf8 27. Rf1 Rxf1+
28. Kxf1 c4 29. bxc4 Qxc4 30. Nf4 Qxa4 31. Nxe6 Qc6 32. Nxg7 Kxg7 33. Qd3 Qb6
34. Ke2 Qc5 35. Qb3 Kf6 36. Kd3 a5 37. Qb8 Qc3+ 38. Ke2 Qxc2+ 39. Kf3 Qd3+ 40.
Kf2 Qxe4 41. Qd8+ Kf7 42. Qc7+ Ke6 43. Qb6+ Kf5 44. Qxa5+ Kg4 45. Qa6 d3 46.
Qc8+ Qf5+ 47. Qxf5+ gxf5 48. Ke3 Kh3 0-1

[Event "Lynn Stringer mem"]
[Site "Sidney CAN"]
[Date "2023.08.19"]
[Round "3.4"]
[White "Yu, Ryan Bole"]
[Black "Liu, Zachary"]
[Result "0-1"]
[WhiteElo "1582"]
[BlackElo "2066"]
[PlyCount "98"]
[EventDate "2023.08.19"]
[EventType "swiss"]
[EventRounds "5"]
[EventCountry "CAN"]

1. e4 c5 2. c3 d5 3. exd5 Nf6 4. Nf3 Nxd5 5. Bc4 e6 6. O-O Be7 7. d4 Nb6 8. Bb3
cxd4 9. cxd4 Nc6 10. Nc3 Nb4 11. Ne5 Nc6 12. Nxc6 bxc6 13. Bf4 Nd5 14. Nxd5
cxd5 15. Rc1 O-O 16. Re1 Ba6 17. Ba4 Rc8 18. Qg4 Rxc1 19. Rxc1 Bd3 20. Bc7 Qc8
21. Rc3 Qa6 22. Bb3 Bb4 23. Rc1 Bd2 24. Rc5 Bb4 25. Rc1 Bf5 26. Qg3 Qe2 27. Bf4
Bd2 28. Bxd2 Qxd2 29. Qc3 Qe2 30. Bc2 Bxc2 31. Qxc2 Qg4 32. Qa4 Qf4 33. Rd1 Qc7
34. h3 Rc8 35. b4 Qc2 36. Qxc2 Rxc2 37. a3 Kf8 38. Rd3 Ke7 39. g3 Kd6 40. Kg2
Kc6 41. a4 Rc4 42. Rf3 f6 43. Re3 Kd6 44. Rb3 Rxd4 45. a5 Rc4 46. b5 Kc7 47.
b6+ axb6 48. Rxb6 Rc6 49. Rb4 Ra6 0-1

[Event "Lynn Stringer mem"]
[Site "Sidney CAN"]
[Date "2023.08.19"]
[Round "3.5"]
[White "Wu, Jonathan"]
[Black "Sardari, Reza"]
[Result "1/2-1/2"]
[WhiteElo "2026"]
[BlackElo "1994"]
[PlyCount "71"]
[EventDate "2023.08.19"]
[EventType "swiss"]
[EventRounds "5"]
[EventCountry "CAN"]

1. e4 c5 2. Nf3 d6 3. d4 cxd4 4. Nxd4 Nf6 5. Nc3 a6 6. Be2 e5 7. Nb3 Be6 8. f4
Nc6 9. f5 Bc8 10. O-O b5 11. Bg5 Be7 12. a3 Bb7 13. Qd2 Qb6+ 14. Kh1 Nd4 15.
Be3 Nxb3 16. cxb3 Qd8 17. Bf3 h6 18. Rad1 Rc8 19. g4 Qc7 20. Qg2 Qb8 21. Rd2
Qa8 22. Rfd1 g5 23. fxg6 fxg6 24. g5 hxg5 25. Bxg5 Rxc3 26. bxc3 Nxe4 27. Bxe7
Ng3+ 28. Qxg3 Bxf3+ 29. Kg1 Qa7+ 30. Qf2 Qxf2+ 31. Rxf2 Bxd1 32. Bxd6 Bxb3 33.
Rf6 Rg8 34. Bxe5 a5 35. Rf2 Rf8 36. Rxf8+ 1/2-1/2

[Event "Lynn Stringer mem"]
[Site "Sidney CAN"]
[Date "2023.08.19"]
[Round "3.6"]
[White "Sung, Jaehyun"]
[Black "Wu, Nathan Ping-Ying"]
[Result "0-1"]
[WhiteElo "1789"]
[BlackElo "2105"]
[PlyCount "68"]
[EventDate "2023.08.19"]
[EventType "swiss"]
[EventRounds "5"]
[EventCountry "CAN"]

1. d4 d5 2. Bf4 c5 3. c3 Nc6 4. Nf3 Nf6 5. Nbd2 Bf5 6. e3 e6 7. Nh4 Bg4 8. Be2
Bxe2 9. Qxe2 Bd6 10. Bxd6 Qxd6 11. Qb5 cxd4 12. cxd4 O-O 13. O-O a6 14. Qb6 Nd7
15. Qb3 Rfc8 16. Rac1 b5 17. Qd1 Na5 18. a3 Nc4 19. Nxc4 bxc4 20. Qd2 Rab8 21.
f4 Nf6 22. Nf3 Rb3 23. Qc2 Rcb8 24. Rb1 Qb6 25. Nd2 Rxe3 26. Nf3 Rb3 27. f5 e5
28. Rfd1 e4 29. Ne5 Rxb2 30. Nxc4 dxc4 31. Rxb2 Qxb2 32. Qxc4 e3 33. Qxa6 Qf2+
34. Kh1 e2 0-1

[Event "Lynn Stringer mem"]
[Site "Sidney CAN"]
[Date "2023.08.19"]
[Round "3.7"]
[White "Zhang, Raymond Tangning"]
[Black "Wu, Howard"]
[Result "1-0"]
[WhiteElo "1730"]
[BlackElo "2045"]
[PlyCount "43"]
[EventDate "2023.08.19"]
[EventType "swiss"]
[EventRounds "5"]
[EventCountry "CAN"]

1. d4 Nf6 2. Nf3 d5 3. c4 e6 4. e3 Be7 5. Nc3 O-O 6. Bd3 dxc4 7. Bxc4 a6 8. a4
c5 9. O-O Qc7 10. Qe2 Nc6 11. Rd1 Na5 12. Ba2 Qb6 13. e4 cxd4 14. Nxd4 Bc5 15.
Be3 e5 16. Nf5 g6 17. Ne7+ Kg7 18. Ned5 Qc6 19. Bxc5 Qxc5 20. Nxf6 Kxf6 21.
Nd5+ Kg7 22. b4 1-0

[Event "Lynn Stringer mem"]
[Site "Sidney CAN"]
[Date "2023.08.19"]
[Round "3.8"]
[White "Lehingrat, Callum"]
[Black "Koo, Minjun"]
[Result "1/2-1/2"]
[WhiteElo "2010"]
[BlackElo "1717"]
[PlyCount "68"]
[EventDate "2023.08.19"]
[EventType "swiss"]
[EventRounds "5"]
[EventCountry "CAN"]

1. Nf3 c5 2. c4 Nf6 3. Nc3 Nc6 4. d4 cxd4 5. Nxd4 d5 6. cxd5 Nxd5 7. Nxc6 bxc6
8. Qc2 g6 9. e4 Nb6 10. Be3 Be6 11. Rd1 Qc8 12. Bd4 f6 13. a4 Bg7 14. a5 Nc4
15. b4 Nd6 16. Na4 O-O 17. Nc5 a6 18. Na4 Qb7 19. Bb6 f5 20. Nc5 Qc8 21. Bd3
fxe4 22. Nxe4 Bd5 23. O-O Nxe4 24. Bxe4 e6 25. Rfe1 Qb7 26. Bc5 Rf7 27. Re2 Bf8
28. Rde1 Rd8 29. f3 Bd6 30. Bd3 Bxc5+ 31. Qxc5 Qa7 32. Qxa7 Rxa7 33. Be4 Rb8
34. Bxd5 cxd5 1/2-1/2